|
|
|
|
| LEADER |
00000ny a22000003n 4500 |
| 005 |
20110620164842.0 |
| 008 |
100323s ch 000 0 eng d |
| 035 |
|
|
|a 2602
|
| 040 |
|
|
|a BUS
|d vLex
|
| 090 |
|
|
|c 1352
|d 1352
|
| 100 |
1 |
|
|a Austen, Chamberlam
|
| 245 |
1 |
0 |
|a China Indemnity Advisory Committee Reporte
|h [Recurso electrn̤ico]
|c Austen, Chamberlam
|
| 256 |
|
|
|a Servicio en ln̕ea
|
| 260 |
|
|
|a China :
|b LLMC,
|c 2009
|
| 300 |
|
|
|a v.
|
| 506 |
1 |
|
|a Contenido solo disponible en los productos indicados
|d vLex Global
|d vLex Global (Academic Edition, excluding Law Schools)
|d vLex Global (U.S. Academic Edition, Law Schools)
|d vLex Global (U.S. Academic Edition, excluding Law Schools)
|d vLex Global (Academic Edition, Law Schools)
|
| 650 |
0 |
4 |
|a Identidad colectiva
|x China
|
| 740 |
0 |
|
|a vLex Libros (Servicios en ln̕ea)
|
| 856 |
|
|
|z Acceso restringido
|u http://vlex.com/source/china-indemnity-advisory-committee-report-2602
|
| 942 |
|
|
|c BOOK
|